PSYCHOLOGICAL TESTING (Record no. 17878)

MARC details
000 -LEADER
fixed length control field 00305nam a22001457a 4500
003 - CONTROL NUMBER IDENTIFIER
control field SGT
020 ## - INTERNATIONAL STANDARD BOOK NUMBER
International Standard Book Number 978-89-33257-558-5
082 ## - DEWEY DECIMAL CLASSIFICATION NUMBER
Classification number 150
Item number P17A
100 ## - MAIN ENTRY--PERSONAL NAME
Personal name ANASTASI, ANNE
245 ## - TITLE STATEMENT
Title PSYCHOLOGICAL TESTING
250 ## - EDITION STATEMENT
Edition statement 6TH
260 ## - PUBLICATION, DISTRIBUTION, ETC. (IMPRINT)
Name of publisher, distributor, etc PEARSON PUB
Year of Publication 2017
300 ## - PAGE DESCRIPTION
No. of Pages 628
942 ## - ADDED ENTRY ELEMENTS (KOHA)
Source of classification or shelving scheme Dewey Decimal Classification
Koha item type Books
942 ## - ADDED ENTRY ELEMENTS (KOHA)
-- 7
Holdings
Withdrawn status Lost status Source of classification or shelving scheme Damaged status Not for loan Collection code Home library Current library Shelving location Date acquired Vendor Name Cost, normal purchase price SGTU Bill Number Total Checkouts Full call number Accession No. (Barcode) Date last seen Date last borrowed Bill Date Koha item type
    Dewey Decimal Classification     MEDICAL SGT Engineering Library SGT Engineering Library Reference Book 19/04/2019 ADWELL BOOK 629.00 SGTU 1331 10 150 P17A FM11256 04/10/2023 19/09/2023 05/04/2019 Books